000
00259nam a2200109Ia 4500
008
220120s9999||||xx |||||||||||||| ||und||
100
_a
Data manual
245
0
_a
Power devices data manual 1990
260
_b
Bangalore
_c
1990
300
_b
0
650
_a
PHYSICS
999
_c
136543
_d
136543